| 000 | 01082nam a22003497a 4500 | ||
|---|---|---|---|
| 001 | 16295602 | ||
| 003 | OSt | ||
| 005 | 20210426115037.0 | ||
| 008 | 100621s2010 mnua 001 0 eng | ||
| 010 | _a 2010288832 | ||
| 020 | _a9780314200594 | ||
| 040 |
_aDLC _cDLC |
||
| 043 | _an-us--- | ||
| 050 | 0 | 0 |
_aKF1355 _b.B875 2010 |
| 080 |
_a65 _bB-97 |
||
| 100 |
_9782 _aEsptein,David G. |
||
| 245 | 0 | 0 |
_aBusiness structures / _cby David G. Epstein ... [et al.]. |
| 250 | _a3rd ed. | ||
| 260 |
_aSt. Paul, MN : _bThomson/West, _cc2010. |
||
| 300 |
_a643 p. : _bill. ; _c27 cm. |
||
| 490 | 0 | _aAmerican casebook series | |
| 500 | _aIncludes index. | ||
| 650 | 0 |
_aBusiness enterprises _xLaw and legislation _zUnited States _vCases. |
|
| 653 | _aბიზნესი | ||
| 700 | 1 |
_aEpstein, David G., _d1943- |
|
| 700 |
_aShepherd,George B. _9785 |
||
| 700 |
_aRobert,Mchael G. _9784 |
||
| 700 |
_aFreer,Richard D. _9783 |
||
| 906 |
_a7 _bcbc _corigcop _d2 _encip _f20 _gy-gencatlg |
||
| 942 |
_2udc _cBK |
||
| 999 |
_c1190 _d1190 |
||